000 00580nam a2200181 i 4500
001 74166
003 ES-MaACL
007 t|
008 040915s1961 sp ||||1| spa d
100 1 _aGonzález Álvarez, Ángel,
_d1916-1991
_958414
245 1 0 _aTratado de Metafísica
_b: Ontología /
_cAngel González Alvarez.
260 _a[Madrid :
_bGredos,
_c1961]
300 _a454 p. ;
_c26 cm.
490 1 _aBiblioteca hispánica de filosofía
830 0 _aBiblioteca hispánica de filosofía
_9181000
852 _aES-MaACL
_jE-165
_bR.46096
999 _c74166
_d74166